Quizzes
Events
Quiz Creation
Community
Videos
Private Events
Remove Ads
Sign In
Join for FREE
Feedback
Dark Mode
Quiz Categories
Sports
Geography
Music
Movies
Television
Just For Fun
Miscellaneous
History
Literature
Language
Science
Gaming
Entertainment
Religion
Holiday
For Kids
Quiz Lab
Recent
Popular Today
Quiz Kudos Today
Editor Picks
Curator Picks
Quizzes by...
Day
Popularity
Type
Ratings
Length
Year
Community
Subscriptions
Recent Discussions
Orange Saloon
Badges
Playlists
Quests
Create
Leaderboards
Showdown
Live 5
Trivia Bingo
Activity
Puzzle Library
Sporcle Events
Private Events
Virtual Trivia
Globe League
Become a Host
Pub Owners
SporcleCon
Opinionation
Our Games
Videos
Blog
Mobile Apps
Partnerships
Remove Ads and Go Orange
Feedback
Television
TV Characters
TV Show
Sitcom
Network
Friends
Reality Shows
Cast
South Park
Star Trek
The Simpsons
Doctor Who
Television
TV Characters
TV Show
Sitcom
Network
Friends
Reality Shows
Cast
South Park
Star Trek
The Simpsons
Doctor Who
Random Quiz
Search Sporcle
×
Quiz Lab
Quiz Lab
Television
Actor
Type in answers that appear in a list
Type in answers that appear in a list
Classic
Best Score? Go Orange.
Game of Thrones TV Characters Stats
Can you name the characters from their actor's names?
By
therealdave24
5m
23 Questions
500 Plays
500 Plays
500 Plays
Comments
Comments
Give Quiz Kudos
Give Quiz Kudos
-
- Ratings
hide this ad
Forced Order
Answers have to be entered in order
Answers have to be entered in order
Replay
Link that replays current quiz
Next Quiz
Link to next quiz in quiz playlist
You Got
0%
They Got
Avg Score
84%
Avg Friend Score
Upgrade to see
Score Distribution
Jump to the score distribution portion of the page
Score
0/23
Timer
05:00
0
Plays Today
Actor
Character
% Correct
Sean Bean
Eddard Stark
99.6%
Peter Dinklage
Tyrion Lannister
98.4%
Kit Harington
Jon Snow
97.8%
Nikolaj Coster-
Waldau
Jaime Lannister
96.8%
Emilia Clarke
Daenerys Targaryen
95.8%
Sophie Turner
Sansa Stark
95.8%
Lena Headey
Cersei Lannister
95.4%
Maisie Williams
Arya Stark
95%
Michelle Fairley
Catelyn Stark
93%
Alfie Allen
Theon Greyjoy
92.8%
Jason Momoa
Khal Drogo
92%
Jack Gleeson
Joffrey Baratheon
90.8%
Actor
Character
% Correct
Richard Madden
Robb Stark
86.8%
Isaac Hempstead Wright
Bran Stark
85.2%
Mark Addy
Robert Baratheon
84.4%
Iain Glen
Jorah Mormont
81.2%
Rory McCann
Sandor Clegane
78.2%
Aidan Gillen
Petyr Baelish
78.2%
Gwendoline Christie
Brienne Tarth
77.4%
Harry Lloyd
Viserys Targaryen
71.8%
Stephen Dillane
Stannis Baratheon
62.6%
Gethin Anthony
Renly Baratheon
54.2%
James Cosmo
Jeor Mormont
44.8%
Quiz Playlist
Details
Report
Send in Message
Add To Playlist
Classic:
Type in answers that appear in a list
Forced Order:
Answers have to be entered in order
Last Updated: Feb 16, 2017
Quiz Scoreboard
CHALLENGE
Sign Up to Join the Scoreboard
Show All
Scores
Hide
Comments
May contain spoilers
Recently Published
NBA Finals Game Top Scorers (2010s)
by flibbidy
Sports
5m
Guess the 'R' Things in 3 Words
by MSUKent
Miscellaneous
3m
Actor to Badly Drawn Movie III
by MoMosMoProblems
Movies
5m
More to Explore
Quiz From the Vault
Featured Blog Post
Where Does Lost Luggage Go?
hide this ad
You Might Also Like...
Tags
Actor Quiz
Nintendo Quiz
Character
throne
Today's Top Quizzes in Television
Browse Television
hide this ad
Today's Top Quizzes in Actor
Browse Actor
Top Contributed Quizzes in Television
1
Hidden Simpsons Character
2
First Name TV: Leading Men
3
Hidden Simpsons Character II
4
Hidden Simpsons Character III
5
First Name TV: Leading Women Drama
6
Hidden Simpsons Character IV
7
Hidden Simpsons Character V
8
Hidden Simpsons Character VI
9
Hidden Simpsons Character VII
10
Hidden Simpsons Character VIII
Explore More
Trending Topics
NBA
Marvel
Kpop
Harry Potter
Crossword
Disney
Anime
Puzzle
Country
NFL
Pokémon
Soccer
Song
WWE
The Office
hide this ad
More By:
therealdave24
Quiz
Plays
Rating
Category
Featured
Created
Game of Thrones Sigils
129,945
4.68
Literature
Jun 29, 2012
Game of Thrones Targaryen Kings
3,819
4.31
Literature
Jul 5, 2012
Westerosi Places
3,227
4.38
Literature
Jun 21, 2013
Game of Thrones Houses
829
1.29
Literature
Jul 1, 2012
Game of Thrones TV Characters
500
4.00
Television
Oct 11, 2012
Go to Creator's Profile
Score Distribution
Quiz Creator Spotlight
therealdave24
Follow
Send a Message
Quizzes Created
-
Created Quiz Play Count
-
More By This Creator
Popular Quizzes Today
1
Find the US States - No Outlines Minefield
2
Find the US States
3
The Countries of the World
4
10 Largest US States in Order
5
Find the Countries of Europe - No Outlines Minefield
6
US States
7
Guess the 'R' Things in 3 Words
8
NBA Finals Game Top Scorers (2010s)
More Television Quizzes
Categorical Anagrams: Television
Published
Trending Quizzes
First Name TV: Leading Men
Match the Book to the Film II
First Name TV: Leading Women Drama
3-Word Movies in 1 Word II
Match the Book to the Film VI
Recently Updated
Women's Final Four Teams by Year
bhenderson79
Presidents Quartet II
eogle
Anything But Clue(do)
eogle
Anything But Oceanian Capitals
eogle
Anything But 7
eogle
Anything But Thing
eogle
Word Ladder: February 29
pecheneg
Song Title Questions
pecheneg
Women's NCAA Tournament #1 Seeds
pecheneg
Celebrity Mug Shots
pecheneg
Trending Topics
Disney
Harry Potter
NBA
Anime
Crossword
Marvel
Kpop
Puzzle
Pokémon
Country
Soccer
NFL
The Office
WWE
Song
Your Account Isn't Verified!
In order to create a playlist on Sporcle, you need to verify the email address you used during registration. Go to your
Sporcle Settings
to finish the process.
Report this User
Report this user for behavior that violates our
Community Guidelines
.
Details:
Send Report
Go to the Sporcle.com Mobile Site →
Comments